| 000 | 00406nam a2200169Ia 4500 | ||
|---|---|---|---|
| 008 | 210210b1987 xxu||||| |||| 00| 0 eng d | ||
| 020 | _a81 220 0003 7 | ||
| 082 | _a338.5 JHIM | ||
| 100 | _aJHINGAN (M L). | ||
| 245 | _aMicro economic theory. | ||
| 250 | _a | ||
| 260 |
_aDelhi _bKonark Publishers _c1987 |
||
| 300 | _axv,784 | ||
| 650 | _aMicroeconomics | ||
| 690 | _aMicroeconomics | ||
| 906 | _a040504 | ||
| 999 |
_c90592 _d90592 |
||